| 000 | 00443nam a22001577a 4500 | ||
|---|---|---|---|
| 999 |
_c7962 _d7962 |
||
| 005 | 20250919135651.0 | ||
| 008 | 241107b ||||| |||| 00| 0 eng d | ||
| 020 | _a9788410523364 | ||
| 040 |
_aCDMR _dCDMR |
||
| 100 |
_94983 _aJové, Oriol |
||
| 245 |
_aLecube _b: el futbolista de Hitler _c/ Oriol Jové |
||
| 260 |
_aCórdoba : _bAlmuzara, _c2024 |
||
| 300 | _a222 pàgines | ||
| 650 | 0 |
_94984 _aEspies _zEspanya _y1939-1945 |
|
| 942 |
_2udc _cMON |
||